|
|
|
|
| LEADER |
01000caa a22002652c 4500 |
| 001 |
596382820 |
| 003 |
DE-627 |
| 005 |
20240829170817.0 |
| 007 |
tu |
| 008 |
090404s1932 xx ||||| 00| ||ger c |
| 035 |
|
|
|a (DE-627)596382820
|
| 035 |
|
|
|a (DE-576)9596382829
|
| 035 |
|
|
|a (DE-599)GBV596382820
|
| 040 |
|
|
|a DE-627
|b ger
|c DE-627
|e rakwb
|
| 041 |
|
|
|a ger
|
| 084 |
|
|
|a 1
|2 ssgn
|
| 100 |
1 |
|
|a Erdmann, Carl
|d 1898-1945
|e verfasserin
|0 (DE-588)118682253
|0 (DE-627)313978972
|0 (DE-576)209281693
|4 aut
|
| 245 |
1 |
0 |
|a Endkaiserglaube und Kreuzzugsgedanke im 11. Jahrhundert
|c Carl Erdmann
|
| 264 |
|
1 |
|c 1932
|
| 336 |
|
|
|a Text
|b txt
|2 rdacontent
|
| 337 |
|
|
|a ohne Hilfsmittel zu benutzen
|b n
|2 rdamedia
|
| 338 |
|
|
|a Band
|b nc
|2 rdacarrier
|
| 650 |
|
4 |
|a Kreuzzüge
|
| 650 |
|
4 |
|a Eschatologie
|
| 650 |
|
4 |
|a Theologie
|
| 650 |
|
4 |
|a Mittelalter
|
| 650 |
|
4 |
|a Hoch
|
| 650 |
|
4 |
|a Crusades
|
| 650 |
|
4 |
|a escatology
|
| 650 |
|
4 |
|a theology
|
| 650 |
|
4 |
|a Middle Ages
|
| 650 |
|
4 |
|a high
|
| 773 |
0 |
8 |
|i In
|t Zeitschrift für Kirchengeschichte
|d Stuttgart : Kohlhammer, 1877
|g Bd. 51 (1932), S. 384-414
|w (DE-627)129474002
|w (DE-600)202987-X
|w (DE-576)014851822
|x 0044-2925
|7 nnas
|
| 773 |
1 |
8 |
|g volume:51
|g year:1932
|g number:3/4
|g pages:384-414
|
| 776 |
0 |
8 |
|i Reproduziert als
|a Erdmann, Carl, 1898 - 1945
|t Endkaiserglaube und Kreuzzugsgedanke im 11. Jahrhundert
|d 1932
|w (DE-627)1900552531
|
| 912 |
|
|
|a GBV_USEFLAG_U
|
| 912 |
|
|
|a GBV_ILN_607
|
| 912 |
|
|
|a ISIL_DE-H373
|
| 912 |
|
|
|a SYSFLAG_1
|
| 912 |
|
|
|a GBV_KXP
|
| 912 |
|
|
|a GBV_ILN_11
|
| 912 |
|
|
|a GBV_ILN_21
|
| 912 |
|
|
|a GBV_ILN_22
|
| 912 |
|
|
|a GBV_ILN_24
|
| 912 |
|
|
|a GBV_ILN_31
|
| 912 |
|
|
|a GBV_ILN_32
|
| 912 |
|
|
|a GBV_ILN_39
|
| 912 |
|
|
|a GBV_ILN_40
|
| 912 |
|
|
|a GBV_ILN_50
|
| 912 |
|
|
|a GBV_ILN_61
|
| 912 |
|
|
|a GBV_ILN_62
|
| 912 |
|
|
|a GBV_ILN_65
|
| 912 |
|
|
|a GBV_ILN_69
|
| 912 |
|
|
|a GBV_ILN_72
|
| 912 |
|
|
|a GBV_ILN_92
|
| 912 |
|
|
|a GBV_ILN_100
|
| 912 |
|
|
|a GBV_ILN_120
|
| 912 |
|
|
|a GBV_ILN_130
|
| 912 |
|
|
|a GBV_ILN_131
|
| 912 |
|
|
|a GBV_ILN_176
|
| 912 |
|
|
|a GBV_ILN_193
|
| 912 |
|
|
|a GBV_ILN_217
|
| 912 |
|
|
|a GBV_ILN_285
|
| 912 |
|
|
|a GBV_ILN_350
|
| 912 |
|
|
|a GBV_ILN_807
|
| 912 |
|
|
|a GBV_ILN_1005
|
| 912 |
|
|
|a GBV_ILN_1121
|
| 912 |
|
|
|a GBV_ILN_2001
|
| 912 |
|
|
|a GBV_ILN_2002
|
| 912 |
|
|
|a GBV_ILN_2003
|
| 912 |
|
|
|a GBV_ILN_2005
|
| 912 |
|
|
|a GBV_ILN_2006
|
| 912 |
|
|
|a GBV_ILN_2007
|
| 912 |
|
|
|a GBV_ILN_2008
|
| 912 |
|
|
|a GBV_ILN_2010
|
| 912 |
|
|
|a GBV_ILN_2011
|
| 912 |
|
|
|a GBV_ILN_2012
|
| 912 |
|
|
|a GBV_ILN_2018
|
| 912 |
|
|
|a GBV_ILN_2036
|
| 912 |
|
|
|a GBV_ILN_2056
|
| 912 |
|
|
|a GBV_ILN_2067
|
| 912 |
|
|
|a GBV_ILN_2083
|
| 912 |
|
|
|a GBV_ILN_2227
|
| 912 |
|
|
|a GBV_ILN_2579
|
| 912 |
|
|
|a GBV_ILN_4012
|
| 912 |
|
|
|a GBV_ILN_4027
|
| 912 |
|
|
|a GBV_ILN_4028
|
| 912 |
|
|
|a GBV_ILN_4029
|
| 912 |
|
|
|a GBV_ILN_4035
|
| 912 |
|
|
|a GBV_ILN_4036
|
| 912 |
|
|
|a GBV_ILN_4037
|
| 912 |
|
|
|a GBV_ILN_4038
|
| 912 |
|
|
|a GBV_ILN_4082
|
| 912 |
|
|
|a GBV_ILN_4103
|
| 912 |
|
|
|a GBV_ILN_4112
|
| 912 |
|
|
|a GBV_ILN_4125
|
| 912 |
|
|
|a GBV_ILN_4126
|
| 912 |
|
|
|a GBV_ILN_4193
|
| 912 |
|
|
|a GBV_ILN_4246
|
| 912 |
|
|
|a GBV_ILN_4251
|
| 912 |
|
|
|a GBV_ILN_4253
|
| 912 |
|
|
|a GBV_ILN_4277
|
| 912 |
|
|
|a GBV_ILN_4305
|
| 912 |
|
|
|a GBV_ILN_4306
|
| 912 |
|
|
|a GBV_ILN_4310
|
| 912 |
|
|
|a GBV_ILN_4315
|
| 912 |
|
|
|a GBV_ILN_4318
|
| 912 |
|
|
|a GBV_ILN_4320
|
| 912 |
|
|
|a GBV_ILN_4321
|
| 912 |
|
|
|a GBV_ILN_4322
|
| 912 |
|
|
|a GBV_ILN_4323
|
| 912 |
|
|
|a GBV_ILN_4324
|
| 912 |
|
|
|a GBV_ILN_4325
|
| 912 |
|
|
|a GBV_ILN_4326
|
| 912 |
|
|
|a GBV_ILN_4385
|
| 912 |
|
|
|a GBV_ILN_2019
|
| 912 |
|
|
|a GBV_ILN_2019
|
| 912 |
|
|
|a ISIL_DE-Tue135
|
| 935 |
|
|
|a DTH5
|
| 951 |
|
|
|a AR
|
| 952 |
|
|
|d 51
|j 1932
|e 3/4
|h 384-414
|y Bd. 51 (1932), S. 384-414
|
| 980 |
|
|
|2 607
|1 01
|x 4607
|b 929181174
|c 00
|f --%%--
|d Mikrofiche/Zeitschrift/4437-4438
|e i
|j --%%--
|h ZKG
|y n
|z 30-03-09
|
| 980 |
|
|
|2 2019
|1 01
|x DE-Tü135
|b 4152850086
|c 00
|f --%%--
|d --%%--
|e --%%--
|j n
|y l01
|z 20-06-22
|
| 982 |
|
|
|2 607
|1 00
|x DE-H373
|8 00
|0 (DE-627)59790541X
|a Kreuzzüge
|
| 982 |
|
|
|2 607
|1 00
|x DE-H373
|8 00
|0 (DE-627)597901767
|a Eschatologie
|
| 982 |
|
|
|2 607
|1 00
|x DE-H373
|8 00
|0 (DE-627)597910960
|a Theologie
|
| 982 |
|
|
|2 607
|1 00
|x DE-H373
|8 00
|0 (DE-627)597907064
|a Mittelalter
|
| 982 |
|
|
|2 607
|1 00
|x DE-H373
|8 00
|0 (DE-627)597903603
|a Hoch
|
| 982 |
|
|
|2 607
|1 00
|x DE-H373
|8 01
|0 (DE-627)597920761
|a Crusades
|
| 982 |
|
|
|2 607
|1 00
|x DE-H373
|8 01
|0 (DE-627)597917094
|a escatology
|
| 982 |
|
|
|2 607
|1 00
|x DE-H373
|8 01
|0 (DE-627)597926328
|a theology
|
| 982 |
|
|
|2 607
|1 00
|x DE-H373
|8 01
|0 (DE-627)597922411
|a Middle Ages
|
| 982 |
|
|
|2 607
|1 00
|x DE-H373
|8 01
|0 (DE-627)597918953
|a high
|
| 983 |
|
|
|2 2019
|1 01
|x DE-Tü135
|8 00
|0 (DE-627)1442044284
|a KAB
|
| 983 |
|
|
|2 2019
|1 01
|x DE-Tü135
|8 01
|0 (DE-627)1442044462
|a KAE
|
| 995 |
|
|
|2 607
|1 01
|x 4607
|a ZKG
|